| 000 | 00681nam a2200193Ia 4500 | ||
|---|---|---|---|
| 003 | GCL | ||
| 008 | 140319s9999 xx 000 0 ara d | ||
| 040 |
_aGCL / _cGCL |
||
| 082 | 0 | 4 |
_a415.1 _bب م |
| 100 | 1 | _aالبطليوسى , ابومحمد عبدالله | |
| 245 | 1 | 0 |
_aالمثلث: لابن السيد البطليوسى 444 هـ?- 521 م / _cالبطليوسى , ابومحمد عبدالله |
| 700 | 1 | _aصلاح مهدى الفرطوسى | |
| 300 | _aمتعدد | ||
| 490 |
_a100 قصة _v0 |
||
| 650 | 0 | 4 | _aالعلوم عند العرب |
| 650 | 0 | 4 | _aاللغة العربية - النحو |
| 650 | 0 | 4 | _aاللغة العربية - نظريات |
| 942 |
_2ddc _cBK |
||
| 999 |
_c43729 _d43729 |
||